Statistics for Indie Rock bands by most popular song

Click here to take the quiz!

General Stats

  • This quiz has been taken 100 times
  • The average score is 4 of 15

Answer Stats

Song NameBand% Correct
Mr.BrightsideThe Killers
86%
505Arctic Monkeys
78%
The Adults Are TalkingThe Strokes
69%
OpheliaThe Lumineers
49%
Ain’t No Rest For The WickedCage the Elephant
48%
Kilby GirlBackseat Lovers
27%
FreaksSurf Curse
26%
YKWIM?Yot Club
23%
NotionThe Rare Occasions
14%
Song For MeGreer
5%
MagnoliaThe Essentialists
3%
Peach TreesAx and the Hatchetmen
2%
Oh my God You Are FineBlue Rain boots
2%
DissonanceSurely Tempo
2%
Seein’ RedUnwritten Law
2%

Score Distribution

Percentile by Number Answered

Percent of People with Each Score

Your Score History

You have not taken this quiz